=LDR 00000nam 2200000 4500 =001 INLIS000000000012042 =005 20130612103604 =008 ***********************************Ind** =035 ##$$0010-061300000012042 =041 ##$$a Ind =082 ##$$a 540.076 =090 ##$$a 540.076, Sri e =100 ##$$a Sri Widayati =245 ##$$a Evaluasi kimia, Program Ilmu-ilmu fisika dan Ilmu-ilmu biologi untuk SMU, Sri Widayati,Puji Indrastuti =260 ##$$a 1991 $b Kalimantan tengah =300 ##$$a ...Jil, 21 cm =650 ##$$a Kimia =650 ##$$a Studi dan Pengajaran =850 ##$$a NBPNMAT